000 00757 a2200181 4500
999 _c3810
_d3810
020 _a1592210422
050 _aPN849 CRE 2003
100 _aOvervold, Angelina A.
_eeditor
245 _aThe Creative circle:
_bArtist, critic, and translator in African literature
_cAgelina, E. Overvold, Riichard, K. Priebe & Louis Tremaine
264 _aAsmara
_bAfrica World Press
_c2003
300 _a221p. :
440 _aAnnual selected papers of the ALA ; no. 11
500 _aIncludes bibliographical references and index
650 _aAfrican literature -- 20th century -- History and criticism -- Congresses
_xTranslating and interpreting -- Congresses
700 _aPriebe, Richard K.
_eeditor
700 _aTremaine, Louis
_eeditor
942 _2lcc
_cBK
_h849
_iCRE
_kPN